000 01685nam a22004094i 4500
001 3667821
003 CO-MdFUSB
005 20220602144156.0
008 770613r19771892miu b 001 0 eng
010 _a 77079180
020 _a0825432154 :
_c$3.50
040 _aDLC
_dOCoLC
_dDLC
_bspa
_cCO-MdFUSB
_erda
041 _aeng
082 0 0 _a227.107
_223
_bM926
100 _aMoule, H. C. G.
_d1841-1920.
_eautor
130 0 _pRomans.
_lEnglish.
_f1977.
245 1 0 _aStudies in Romans
_c/ H. C. G. Moule.
264 1 _aGrand Rapids, USA :
_bKregel Publications,
_c℗1977
300 _a270 páginas ;
_c19 cm.
336 _2rdacontent
_atexto
_btxt
337 _2rdamedia
_asin mediación
_bn
338 _2rdacarrier
_avolumen
_bnc
490 _aKregel popular commentary series
500 _aReimpresión de la edición de 1892 publicado en University Press, Cambridge, Eng., bajo el título The Epistle of Paul the Apostle to the Romans, y publicado en serie: The Cambridge Bible para escuelas y universidades.
505 _tCapítulo 1.
_aBosquejo de la vida de Pablo
505 _tCapítulo 2.
_aFecha de la epístola, Lenguaje, Autenticidad, Preguntas que surgen sobre los capítulos de cierre, Acerca de la doxología final
505 _tCapítulo 3.
_aParalelos entre las epístolas de los Romanos y los Gálatas
505 _tCapítulo 4.
_aNúmero de citas del antiguo testamento
505 _tComentario
563 _aTapa rústica
630 7 _aBiblia.
_pRomanos
_xCrítica, interpretación, etc.
906 _a7
_bcbc
_corignew
_d1
_eopcn
_f19
_gy-gencatlg
942 _cBK
945 _aJTF-925
999 _c64496
_d64496